000 00407 a2200145 4500
005 20250403114705.0
020 _a0-395-1 3855-8
082 _a515 RAT
100 _aRATTI, J. S.
245 _aIntroductory Calculus With Applications
260 _aBoston,
_bHoughton Miffilin Company,
_c1973.
300 _axiii, 429p.: ill.; picture, table,
_bindex,
_c24cm.
700 _aMANOUGIAN, M. N
942 _2ddc
_cBKS
999 _c1077
_d1077